Welcome to CU Library Online Public Access Catalogue (OPAC)

Law of Wills : (Record no. 2090)

MARC details
000 -LEADER
fixed length control field 00670nam a22001577a 4500
005 - DATE AND TIME OF LATEST TRANSACTION
control field 20241212102155.0
008 - FIXED-LENGTH DATA ELEMENTS--GENERAL INFORMATION
fixed length control field 241212b |||||||| |||| 00| 0 eng d
020 ## - INTERNATIONAL STANDARD BOOK NUMBER
International Standard Book Number 9789350351741
050 ## - LIBRARY OF CONGRESS CALL NUMBER
Classification number KNS774
Item number .K82 2012
245 ## - TITLE STATEMENT
Title Law of Wills :
Remainder of title Dealing with Wills of all Communities Including Exhaustive Case Law along with Model Forms of Wills and Relevant Statutes /
Statement of responsibility, etc. Dr. Hari Dev Kohli (M.A., B.T., B.L. M.L. Gold Medalist), Ph.D.
250 ## - EDITION STATEMENT
Edition statement Eighth Edition
Remainder of edition statement Golden Jubilee Edition
260 ## - PUBLICATION, DISTRIBUTION, ETC.
Place of publication, distribution, etc. New Delhi
Name of publisher, distributor, etc. Universal Law Publishing Co. Pvt. Ltd
Date of publication, distribution, etc. c2012
300 ## - PHYSICAL DESCRIPTION
Extent cxciv, 1210 pages
Dimensions 25cm
500 ## - GENERAL NOTE
General note GOPALAKRISHNAN'S LAW OF WILLS.
942 ## - ADDED ENTRY ELEMENTS (KOHA)
Source of classification or shelving scheme Library of Congress Classification
Koha item type Books
Edition 8th ed.
Suppress in OPAC No
999 ## -
-- 2090
-- 2090
Holdings
Withdrawn status Lost status Source of classification or shelving scheme Damaged status Not for loan Collection Home library Current library Shelving location Date acquired Total checkouts Full call number Barcode Date last seen Copy number Price effective from Koha item type
    Library of Congress Classification     Non-fiction Law Library (Christ Temple) Law Library (Christ Temple) General stacks 01/20/2025   KNS774.K82 KOH LLCT00000212 01/20/2025 3 01/20/2025 Books
    Library of Congress Classification     Non-fiction Law Library (Christ Temple) Law Library (Christ Temple) General stacks 01/20/2025   KNS774.K82 KOH LLCT00000213 01/20/2025 4 01/20/2025 Books
    Library of Congress Classification     Non-fiction Law Library (Christ Temple) Law Library (Christ Temple) General stacks 01/20/2025   KNS774.K82 KOH LLCT00000214 01/20/2025 5 01/20/2025 Books
    Library of Congress Classification     Non-fiction Law Library (Christ Temple) Law Library (Christ Temple) General stacks 01/21/2025   KNS774.K82 KOH LLCT00000233 01/21/2025 6 01/21/2025 Books
    Library of Congress Classification     Non-fiction Law Library (Christ Temple) Law Library (Christ Temple) General stacks 01/21/2025   KNS774.K82 KOH LLCT00000234 01/21/2025 7 01/21/2025 Books
    Library of Congress Classification     Non-fiction Law Library (Miotso) Law Library (Miotso) General stacks 12/12/2024   KNS774.K82 KOH llm00001377 12/12/2024 1 12/12/2024 Books
    Library of Congress Classification     Non-fiction Law Library (Miotso) Law Library (Miotso) General stacks 12/12/2024   KNS774.K82 KOH llm00001378 12/12/2024 2 12/12/2024 Books
© 2023-2024 Copyright: Central University Libraries. All Rights Reserved | Created by: Mahone Tech Office